000
00280nam a2200121Ia 4500
005
20251222140107.0
008
251222s1900||||xx |||||||||||||| ||spa||
082
_a
922.22/P27
245
0
_a
San Pablo de la Cruz:
250
_a
1ra. ed.
264
_b
Vicariato Regional
942
_c
LIB
999
_c
4163
_d
4163